[Event "Hessen-ch Gr-D 62nd"]
[Site "Hanau"]
[Date "2008.03.22"]
[Round "3"]
[White "Heckwolf, Thomas"]
[Black "Blosze, Winfried"]
[Result "1-0"]
[WhiteElo "1513"]
[BlackElo "1906"]
[PlyCount "55"]
[EventDate "2008.03.21"]
[EventType "swiss"]
[EventRounds "5"]
[EventCountry "GER"]
[SourceTitle "CBM 123 Extra"]
[Source "ChessBase"]
[SourceDate "2008.05.06"]
[SourceVersion "1"]
[SourceVersionDate "2008.05.06"]
[SourceQuality "1"]

1. e4 Nf6 2. Nc3 d5 3. exd5 Nxd5 4. Bc4 Nb6 5. Bb3 Nc6 6. a3 e5 7. d3 Bd6 8. Nge2 0-0 9. 0-0 Kh8 10. f4 Bg4 11. Qe1 f5 12. Qg3 Qf6 13. Be3 Rae8 14. Rf2 Nd4 15. Re1 Nxe2+ 16. Nxe2 exf4 17. Bxf4 Bc5 18. c3 Bxf2+ 19. Qxf2 Qe7 20. Bd1 Nd5 21. Bd2 Ne3 22. Bb3 f4 23. Nxf4 Qd6 24. Bxe3 Rf6 25. Qd2 Rxe3 26. Qxe3 g5 27. Nd5 Re6 28. Qd4+ 1-0

[Event "Hessen-ch qual-D"]
[Site "Erlensee"]
[Date "2007.04.06"]
[Round "4"]
[White "Heckwolf, Thomas"]
[Black "Brueckner, Ewald"]
[Result "1/2-1/2"]
[WhiteElo "1551"]
[BlackElo "1615"]
[PlyCount "100"]
[EventDate "2007.04.06"]
[EventType "swiss"]
[EventRounds "5"]
[EventCountry "GER"]
[SourceTitle "CBM 117 Extra"]
[Source "ChessBase"]
[SourceDate "2007.05.09"]
[SourceVersion "1"]
[SourceVersionDate "2007.05.09"]
[SourceQuality "1"]

1. e4 b6 2. c4 Bb7 3. Nc3 e6 4. d3 d6 5. Nf3 Nd7 6. g3 Be7 7. Bg2 e5 8. Be3 c5 9. Qd2 Ngf6 10. h3 a6 11. a4 Bc6 12. 0-0 h6 13. Nh2 Nh7 14. Nd5 Bxd5 15. exd5 Bg5 16. f4 exf4 17. Bxf4 Ne5 18. Rae1 0-0 19. h4 Bxf4 20. Rxf4 Ng6 21. Rf5 Ne7 22. Rf2 Ra7 23. Ng4 f5 24. Nh2 Rf6 25. Rfe2 Nf8 26. Bh3 Neg6 27. Nf3 Re7 28. h5 Rxe2 29. Qxe2 Nh8 30. Nh4 Qd7 31. Qe7 Qxe7 32. Rxe7 g6 33. hxg6 Nhxg6 34. Nxg6 Nxg6 35. Rb7 Ne5 36. Bf1 Rg6 37. Kf2 Ng4+ 38. Ke2 Ne5 39. Rxb6 a5 40. Ra6 Rxg3 41. Rxd6 Nxd3 42. Rxh6 Nxb2 43. Rf6 Nxa4 44. Rxf5 Rg6 45. Kd2 Nb6 46. Kc2 a4 47. Kb2 Rg4 48. d6 Rxc4 49. Bxc4+ Nxc4+ 50. Ka2 Nxd6 1/2-1/2